Задачи по химии и способы их решения (Запись № 1134430)

Подробности
000 -МАРКЕР
контрольное поле 01530nam0a2200349 4500
001 - ИДЕНТИФИКАТОР ЗАПИСИ
контрольное поле RU\NLR\bibl\501879
005 - ИДЕНТИФИКАТОР ВЕРСИИ
контрольное поле 20260406150547.0
010 ## - МЕЖДУНАРОДНЫЙ СТАНДАРТНЫЙ НОМЕР КНИГИ (ISBN)
Номер (ISBN) 5-7107-7711-0
Тираж 5000
021 ## - НОМЕР ГОСУДАРСТВЕННОЙ РЕГИСТРАЦИИ
Код страны Российская Федерация
Номер 2004-5368
Номер Листа государственной регистраци 274
035 ## - ДРУГИЕ СИСТЕМНЫЕ НОМЕРА
Идентификатор записи (NLR Aleph) 000494473
100 ## - ДАННЫЕ ОБЩЕЙ ОБРАБОТКИ
Данные общей обработки 20040318d2004 |||y0rusy50 ca
101 0# - ЯЗЫК РЕСУРСА
Язык текста, звукозаписи и т.д. русский
102 ## - СТРАНА ПУБЛИКАЦИИ ИЛИ ПРОИЗВОДСТВА
Страна публикации Российская Федерация
105 ## - ПОЛЕ КОДИРОВАННЫХ ДАННЫХ: ТЕКСТОВЫЕ МАТЕРИАЛЫ, МОНОГРАФИЧЕСКИЕ
Кодированные данные о монографическом текстовом документе y |||||||||
200 1# - ЗАГЛАВИЕ И СВЕДЕНИЯ ОБ ОТВЕТСТВЕННОСТИ
Основное заглавие Задачи по химии и способы их решения
Сведения, относящиеся к заглавию 8-9 кл.
Первые сведения об ответственности О.С. Габриелян, П.В. Решетов, И.Г. Остроумов
210 ## - ПУБЛИКАЦИЯ, РАСПРОСТРАНЕНИЕ И ДР.
Место издания, распространения и т.д. М.
Имя издателя, распространителя и т. д. Дрофа
Дата издания, распространения и т.д. 2004
215 ## - ФИЗИЧЕСКАЯ ХАРАКТЕРИСТИКА
Специфическое обозначение материала и объем 158 с.
Размеры 20
225 1# - СЕРИЯ
Основное заглавие серии Темы школьного курса
Наименование части Химия
225 1# - СЕРИЯ
Основное заглавие серии Учимся решать задачи
606 0# - НАИМЕНОВАНИЕ ТЕМЫ КАК ПРЕДМЕТ
Наименование темы Химия
Тематический подзаголовок Задачи
-- Решение
Системный номер авторитетной/нормативной записи 1882966
Идентификатор авторитетной/нормативной записи RU\NLR\auth\661146220
606 0# - НАИМЕНОВАНИЕ ТЕМЫ КАК ПРЕДМЕТ
Наименование темы Химия
Формальный подзаголовок Учебные издания для средней школы
Тематический подзаголовок Задачи
-- Решение
Системный номер авторитетной/нормативной записи 1882966
Идентификатор авторитетной/нормативной записи RU\NLR\auth\661146220
686 ## - ИНДЕКСЫ ДРУГИХ КЛАССИФИКАЦИЙ
Индекс Г1я721-41
700 #1 - ИМЯ ЛИЦА - ПЕРВИЧНАЯ ОТВЕТСТВЕННОСТЬ
Код отношения Автор
Материалы, к которым относится поле rus
Графика поля Кириллица
Начальный элемент ввода Габриелян
Часть имени, кроме начального элемента ввода О. С.
Дополнения к именам, кроме дат канд. пед. наук
Расширение инициалов личного имени Олег Сергеевич
Идентификатор авторитетной/нормативной записи RU\NLR\auth\775057
Системный номер авторитетной/нормативной записи 115027
701 #1 - ИМЯ ЛИЦА - АЛЬТЕРНАТИВНАЯ ОТВЕТСТВЕННОСТЬ
Начальный элемент ввода Решетов
Часть имени, кроме начального элемента ввода П. В.
Расширение инициалов личного имени Павел Владимирович
Код отношения Автор
701 #1 - ИМЯ ЛИЦА - АЛЬТЕРНАТИВНАЯ ОТВЕТСТВЕННОСТЬ
Код отношения Автор
Материалы, к которым относится поле rus
Графика поля Кириллица
Начальный элемент ввода Остроумов
Часть имени, кроме начального элемента ввода И. Г.
Даты 1962-
Расширение инициалов личного имени Игорь Геннадьевич
Идентификатор авторитетной/нормативной записи RU\NLR\auth\7747133
Системный номер авторитетной/нормативной записи 30068
801 #0 - ИСТОЧНИК ЗАПИСИ
Страна Российская Федерация
Организация NLR
Дата составления 20040318
Правила каталогизации PSBO
801 #1 - ИСТОЧНИК ЗАПИСИ
Страна Российская Федерация
Организация NLR
Дата составления 20040318
830 ## - ОБЩЕЕ ПРИМЕЧАНИЕ, СОСТАВЛЕННОЕ КАТАЛОГИЗАТОРОМ
Текст примечания 2-й и 3-й авт. по кн.
942 ## - ДОПОЛНИТЕЛЬНЫЕ ЭЛЕМЕНТЫ ЗАПИСИ (АБИС)
Тип экземпляра АБИС Книга
980 ## - КОЛЛЕКЦИЯ
Название коллекции Национальная библиография
Экземпляры
Тип экземпляра Дата поступления Источник поступления Библиотека постоянного хранения Библиотека текущего хранения Место хранения Шифр хранения Штрих-код Статус экземпляра Стоимость
Книга 18.03.2004 Обязательный экземпляр РНБ (Московский) РНБ (Московский) Русский книжный фонд: издания с 1957 года 2004-3/5953 654867    
Книга 18.03.2004 Обязательный экземпляр РНБ (Московский) РНБ (Московский) Фонд общего зала литературы по филологии, педагогике и искусству (гуманитарной литературы) Л1 Ч426.57/Г-122 1-208299   0.00